| 000 | 00482nam a22001817a 4500 | ||
|---|---|---|---|
| 003 | CEME | ||
| 005 | 20210628203229.0 | ||
| 008 | 210122b xxu||||| |||| 00| 0 eng d | ||
| 020 | _a81-219-2191-0 | ||
| 040 | _c. | ||
| 082 | _a621.31042 MEH | ||
| 100 |
_aMehta,V.K, Mehta, Rohit _964136 |
||
| 245 | _aPrinciples of electrical machines | ||
| 260 |
_aNEW DELHI _bS.CHAND & COMPANY _c2009 |
||
| 300 | _a669P | ||
| 650 |
_aELECTRICAL MACHINES-PRINCIPLES. _964137 |
||
| 942 |
_cBK _2ddc |
||
| 999 |
_c572743 _d572743 |
||